000 005670000a22001810004500
003 MACL
005 20160514154315.0
008 160514b xxu||||| |||| 00| 0 eng d
040 _aMACL
_cMACL
041 _aHindi
082 _a891.433 BHA
100 _aभारती, राकेश
_951877
245 _aआजादी की कीमत
_cराकेश भारती
260 _bपंकज बुक्‍स
_c2010
_aनई दिल्‍ली
350 _a150
650 _aकहानिया
_933092
942 _cHIN
_k891.433/BHA/S
_2ddc
999 _c45362
_d45362